000 00595nas a2200205 4500
001 BR4600196
003 BR-BrBNA
005 20231205081847.0
007 ta
008 230509b bl.|||p| |||| 00| 00por d
040 _aBR-BrBNA
_bpor
_cBiblioteca Nacional de Agricultura
041 _a(Pt)
072 _aL70
100 1 _aGuerreiro, M.G.
245 1 _aAspectos imunitarios [doenca animal]
650 _aIMUNOLOGIA
773 0 _tBoletim da Diretoria da Producao Animal (Brazil)
_x
_g(Nov 1946), v. 2(4) p. 15-26
_wBR4600196
909 _a202311
_bLúcia
_c55
_dLúcia Elande
942 _2AGRIS
_n0
_cANA
999 _c87402
_d87402